[Event "Julius Baer Rapid Div 3 L"]
[Site "chess.com INT"]
[Date "2023.08.31"]
[Round "2.2"]
[White "Bluebaum, Matthias"]
[Black "Santos Latasa, Jaime"]
[Result "1/2-1/2"]
[WhiteTitle "GM"]
[BlackTitle "GM"]
[WhiteElo "2670"]
[BlackElo "2647"]
[WhiteFideId "24651516"]
[BlackFideId "2293307"]
[EventDate "2023.08.30"]
[EventType "k.o."]

1. d4 Nf6 2. c4 e6 3. Nc3 Bb4 4. e3 O-O 5. Bd2 d5 6. Nf3 b6 7. cxd5 exd5 8. Rc1
Bb7 9. Bd3 Re8 10. Ne5 Bf8 11. O-O c5 12. Bb5 Re6 13. f4 a6 14. Ba4 Nc6 15. Bxc6
Bxc6 16. f5 Rd6 17. Be1 Bb7 18. Bg3 Qe8 19. Kh1 Rdd8 20. Bh4 Be7 21. Bxf6 Bxf6
22. Ng4 Bg5 23. f6 g6 24. h4 Bxe3 25. Re1 cxd4 26. Nxe3 dxe3 27. Qd4 Qd7 28.
Rxe3 Re8 29. Rce1 Rxe3 30. Rxe3 Re8 31. Rxe8+ Qxe8 32. Qf4 h6 33. Kh2 Kh7 34.
Qc7 d4 35. Qe7 Qxe7 36. fxe7 Bc6 37. Nd5 d3 38. Nb4 Be8 39. Nxd3 Kg7 40. Nb4 Kf6
41. Nd5+ Ke6 42. Nxb6 Kxe7 43. Kg3 Bc6 44. Kf2 Ke6 45. g3 Ke5 46. Ke3 Kf5 47.
Nc4 f6 48. b4 g5 49. hxg5 fxg5 50. g4+ Ke6 51. Kd4 Bf3 52. Ne3 Be2 1/2-1/2

[Event "Julius Baer Rapid Div 3 L"]
[Site "chess.com INT"]
[Date "2023.08.31"]
[Round "2.2"]
[White "Sargsyan, Shant"]
[Black "Makarian, Rudik"]
[Result "1/2-1/2"]
[WhiteTitle "GM"]
[BlackTitle "IM"]
[WhiteElo "2631"]
[BlackElo "2548"]
[WhiteFideId "13306766"]
[BlackFideId "44105681"]
[EventDate "2023.08.30"]
[EventType "k.o."]

1. d4 d5 2. c4 c6 3. Nf3 Nf6 4. Qc2 e6 5. g3 dxc4 6. Qxc4 b5 7. Qc2 Bb7 8. Bg2
Nbd7 9. a4 c5 10. O-O b4 11. Bg5 Rc8 12. Nbd2 cxd4 13. Qd3 Bc5 14. Nxd4 Bxg2 15.
Kxg2 O-O 16. N4b3 Be7 17. Rac1 h6 18. Be3 Nd5 19. Nc4 Bc5 20. Bd2 N7b6 21. a5
Nxc4 22. Rxc4 Be7 23. Rxc8 Qxc8 24. e4 Nf6 25. Rc1 Qa8 26. f3 Rd8 27. Qe2 Qb7
28. Bf4 Ne8 29. a6 Qd7 30. Na5 Bg5 31. Bxg5 hxg5 32. Rc2 Rb8 33. Qe3 Rb6 34.
Qxg5 Rxa6 35. Nc4 Qd3 36. Qd2 Qxd2+ 37. Rxd2 Rc6 38. b3 Kf8 39. Ra2 Nd6 40. Ne5
Rc7 41. h4 Nb5 42. Ra4 f6 43. Rxb4 a6 44. Nc4 Rd7 45. Ra4 Rd3 46. Rxa6 Rxb3 47.
e5 Nd4 48. Ra8+ Kf7 49. Nd6+ Kg6 50. exf6 gxf6 51. Rg8+ Kh7 52. Rf8 f5 53. Rf6
Rb2+ 54. Kf1 Nxf3 55. Rxe6 Nh2+ 56. Ke1 Nf3+ 57. Kd1 f4 58. gxf4 Nxh4 59. f5
Nxf5 60. Nxf5 Kg8 61. Rf6 Ra2 62. Nd4 Kg7 63. Rf3 Kg6 64. Nc2 Kg5 65. Kd2 Kg4
66. Rf8 Kg5 67. Kd3 Ra5 68. Nd4 Kh5 69. Ke4 Ra4 70. Rg8 Kh4 71. Ke5 Kh3 72. Nf5
Ra5+ 73. Kf4 Ra4+ 74. Kf3 Ra3+ 75. Ne3 Kh4 76. Rg1 Kh5 77. Ke4 Ra4+ 78. Kf5 Ra5+
79. Kf4 Ra4+ 80. Ke5 Ra5+ 81. Nd5 Kh4 82. Kf4 Ra4+ 83. Kf5 Ra5 84. Rg4+ Kh3 85.
Rd4 Kg3 86. Rd3+ Kf2 87. Ke5 Ra8 88. Kd4 Ra4+ 89. Ke5 Ra8 90. Rb3 Re8+ 91. Kd4
Rd8 92. Ke4 Re8+ 93. Kf5 Rf8+ 94. Nf6 Ra8 95. Kf4 Ke2 96. Re3+ Kd1 97. Ne4 Rf8+
98. Ke5 Re8+ 99. Kd4 Rd8+ 100. Kc4 Rc8+ 101. Nc5 Kd2 102. Re5 Rh8 103. Nb3+ Kd1
104. Nd4 Ra8 105. Kc3 Ra3+ 106. Nb3 Ra8 107. Nc5 Rd8 108. Na4 Rc8+ 109. Nc5 Rd8
110. Nd3 1/2-1/2

[Event "Julius Baer Rapid Div 3 L"]
[Site "chess.com INT"]
[Date "2023.08.31"]
[Round "2.2"]
[White "Kuzubov, Yuriy"]
[Black "Vokhidov, Shamsiddin"]
[Result "1/2-1/2"]
[WhiteTitle "GM"]
[BlackTitle "GM"]
[WhiteElo "2625"]
[BlackElo "2578"]
[WhiteFideId "14112906"]
[BlackFideId "14204223"]
[EventDate "2023.08.30"]
[EventType "k.o."]

1. d4 Nf6 2. Nf3 d5 3. c4 e6 4. Nc3 Bb4 5. Bg5 Nbd7 6. cxd5 exd5 7. Nd2 c6 8. e3
Nf8 9. Bd3 Ne6 10. Bh4 g6 11. O-O Be7 12. Rb1 a5 13. a3 O-O 14. Nf3 Ng7 15. b4
axb4 16. axb4 Nf5 17. Bg5 Ne4 18. Bxe7 Qxe7 19. Qc2 Ng5 20. Nxg5 Qxg5 21. Ne2
Re8 22. Ra1 Rxa1 23. Rxa1 Rxe3 24. Bxf5 Bxf5 25. Qc1 Be4 26. g3 Bf3 27. Qxe3
Qxe3 28. fxe3 Bxe2 29. Kf2 Ba6 30. h4 f6 31. Re1 Bd3 32. Rd1 Bc4 33. Re1 Bd3 34.
Rd1 Bc4 35. Re1 Bd3 1/2-1/2

[Event "Julius Baer Rapid Div 3 L"]
[Site "chess.com INT"]
[Date "2023.08.31"]
[Round "2.2"]
[White "Bortnyk, Olexandr"]
[Black "Flores, Diego"]
[Result "1-0"]
[WhiteTitle "GM"]
[BlackTitle "GM"]
[WhiteElo "2608"]
[BlackElo "2534"]
[WhiteFideId "14120828"]
[BlackFideId "108049"]
[EventDate "2023.08.30"]
[EventType "k.o."]

1. e4 e5 2. Nf3 Nc6 3. Bb5 a6 4. Ba4 d6 5. Nc3 Nf6 6. Bxc6+ bxc6 7. d4 exd4 8.
Nxd4 Bd7 9. Bf4 Be7 10. e5 dxe5 11. Bxe5 O-O 12. O-O Bd6 13. Bxd6 cxd6 14. Qd2
Re8 15. Rfe1 Qc7 16. h3 a5 17. b3 d5 18. Nf3 h6 19. Rxe8+ Rxe8 20. Re1 Rxe1+ 21.
Nxe1 Be6 22. Nd3 c5 23. Nb5 Qb6 24. a4 Bd7 25. c4 dxc4 26. bxc4 Be6 27. Ne5 Ne8
28. Qd3 Qb8 29. f4 g5 30. Qe3 Qd8 31. Qxc5 Qd1+ 32. Kh2 gxf4 33. Nd4 Qe1 34.
Ndf3 Qg3+ 35. Kh1 Nf6 36. Qxa5 Kg7 37. Qe1 Qxe1+ 38. Nxe1 Ne4 39. a5 Nc5 40.
N1d3 Nxd3 41. Nxd3 Bxc4 42. Nb4 Be2 43. Kg1 f3 44. g3 Kf6 45. a6 Bxa6 46. Nxa6
h5 47. Kf2 h4 48. g4 1-0

[Event "Julius Baer Rapid Div 3 L"]
[Site "chess.com INT"]
[Date "2023.08.31"]
[Round "2.2"]
[White "Andreikin, Dmitry"]
[Black "Ter-Sahakyan, Samvel"]
[Result "1-0"]
[WhiteTitle "GM"]
[BlackTitle "GM"]
[WhiteElo "2729"]
[BlackElo "2614"]
[WhiteFideId "4158814"]
[BlackFideId "13302531"]
[EventDate "2023.08.30"]
[EventType "k.o."]

1. d4 Nf6 2. c4 g6 3. Nc3 Bg7 4. e4 d6 5. h3 Nbd7 6. Nf3 e5 7. dxe5 dxe5 8. Be3
O-O 9. Be2 c6 10. Qd6 Re8 11. O-O Bf8 12. Qd2 Qc7 13. Rfd1 Nc5 14. Qc2 a5 15.
Rac1 Nh5 16. Na4 b6 17. Nxc5 bxc5 18. Ne1 Ng7 19. Nd3 Ne6 20. Bg4 Nd4 21. Bxd4
cxd4 22. Bxc8 Qxc8 23. c5 h5 24. Qc4 Ra7 25. Rb1 Qd7 26. a4 Kh7 27. b4 axb4 28.
Rxb4 f5 29. Re1 Bg7 30. Qc2 Kh8 31. Qe2 Qf7 32. exf5 e4 33. fxg6 Qf5 34. f3 e3
35. Reb1 Qxg6 36. g4 Rf8 37. Kg2 Kh7 38. Rb7 Rf7 39. Rxa7 Rxa7 40. Rb4 Qf7 41.
Qc2 Qg6 42. Kf1 Rf7 43. Ke2 hxg4 44. hxg4 Kg8 45. Qb1 Qh6 46. Qg1 Qe6 47. Rb8+
Bf8 48. Qb1 Qd5 49. Ne1 Qe5 50. Qg6+ Rg7 51. Qd6 Qxd6 52. cxd6 Rd7 53. a5 c5 54.
Rc8 Rxd6 55. Rxc5 Kf7 56. Kd3 Bg7 57. Nc2 Rh6 58. Rd5 Rh2 59. Nxd4 Ra2 60. Kxe3
Kg6 61. Ke4 Ra4 62. f4 Kf7 63. g5 Bf8 64. f5 1-0

[Event "Julius Baer Rapid Div 3 L"]
[Site "chess.com INT"]
[Date "2023.08.31"]
[Round "2.2"]
[White "Gledura, Benjamin"]
[Black "Kramnik, Vladimir"]
[Result "0-1"]
[WhiteTitle "GM"]
[BlackTitle "GM"]
[WhiteElo "2633"]
[BlackElo "2753"]
[WhiteFideId "712779"]
[BlackFideId "4101588"]
[EventDate "2023.08.30"]
[EventType "k.o."]

1. c4 e6 2. g3 d5 3. Bg2 Nf6 4. Nf3 Be7 5. b3 O-O 6. Bb2 c5 7. cxd5 Nxd5 8. Nc3
Nc6 9. Qc2 Ndb4 10. Qb1 Nd4 11. Nxd4 cxd4 12. Nd1 d3 13. Ne3 dxe2 14. Bc3 Qd6
15. Nc4 Qa6 16. Be4 f5 17. Bf3 b5 18. Bxa8 bxc4 19. a3 Nd3+ 20. Kxe2 Rd8 21. b4
e5 22. Bg2 e4 23. Rf1 Qh6 24. h3 Qh5+ 25. f3 Qg5 26. Rg1 Qxg3 27. Qf1 Nf4+ 28.
Kd1 e3 29. Qxc4+ Be6 30. Qc7 Bb3+ 0-1

[Event "Julius Baer Rapid Div 3 L"]
[Site "chess.com INT"]
[Date "2023.08.31"]
[Round "2.2"]
[White "Meier, Georg"]
[Black "Lupulescu, Constantin"]
[Result "0-1"]
[WhiteTitle "GM"]
[BlackTitle "GM"]
[WhiteElo "2628"]
[BlackElo "2581"]
[WhiteFideId "4675789"]
[BlackFideId "1207822"]
[EventDate "2023.08.30"]
[EventType "k.o."]

1. Nf3 d5 2. g3 Nd7 3. d4 Nb6 4. a4 a5 5. b3 c6 6. Ba3 Bf5 7. Nbd2 h6 8. Bg2 Nd7
9. Nh4 Bh7 10. e4 e6 11. Bxf8 Nxf8 12. e5 Ne7 13. O-O Nd7 14. Re1 O-O 15. Bf1 c5
16. dxc5 Nc6 17. Ndf3 Nxc5 18. Nd4 Ne4 19. Nxc6 bxc6 20. Qd4 c5 21. Qe3 d4 22.
Qc1 Nc3 23. Ng2 Nd5 24. Qd2 Qb6 25. Bd3 Bxd3 26. Qxd3 Rfc8 27. Re4 Nb4 28. Qd2
c4 29. Rg4 Kh8 30. Ne1 cxb3 31. cxb3 d3 32. Rd1 Rd8 33. Rc4 Rd5 34. Nf3 Qb7 35.
Qc3 Rd7 36. Nd2 Rad8 37. Ne4 Qd5 38. f3 Qa8 39. Qd2 Rd5 40. Qf4 Qa7+ 41. Kh1 Nc2
42. Nd6 f5 43. Rd2 Kg8 44. g4 fxg4 45. fxg4 Rf8 46. Qg3 Rf1+ 0-1

[Event "Julius Baer Rapid Div 3 L"]
[Site "chess.com INT"]
[Date "2023.08.31"]
[Round "2.3"]
[White "Santos Latasa, Jaime"]
[Black "Bluebaum, Matthias"]
[Result "1-0"]
[WhiteTitle "GM"]
[BlackTitle "GM"]
[WhiteElo "2647"]
[BlackElo "2670"]
[WhiteFideId "2293307"]
[BlackFideId "24651516"]
[EventDate "2023.08.30"]
[EventType "k.o."]

1. c4 e6 2. g3 d5 3. Bg2 Nf6 4. Nf3 dxc4 5. Qa4+ Bd7 6. Qxc4 c5 7. Ne5 Qc8 8.
Qd3 Bc6 9. Nxc6 Nxc6 10. Nc3 Be7 11. Qb5 O-O 12. Bxc6 bxc6 13. Qa4 e5 14. d3 Nd5
15. O-O Nb6 16. Qa5 Qe6 17. b3 f5 18. Ba3 Nd7 19. Rac1 h5 20. Qa6 Nb6 21. Na4 f4
22. Bxc5 fxg3 23. hxg3 Bxc5 24. Nxc5 Qg4 25. Qb7 Nd5 26. Qd7 Rf5 27. e4 Ne3 28.
Rce1 Nxf1 29. Qxf5 Nd2 30. Kg2 Rf8 31. Qe6+ Rf7 32. Qxg4 hxg4 33. Rc1 Nf3 34. b4
Rf6 35. a3 Rh6 36. Rh1 Rd6 37. Kf1 Rf6 38. Nb3 Rf8 39. Ke2 c5 40. Nxc5 Nd4+ 41.
Kf1 Nc2 42. Rh5 Nxa3 43. Rxe5 Rb8 44. Re7 Rxb4 45. Rxa7 Rb1+ 46. Ke2 Rb2+ 47.
Ke1 Nb1 48. Rb7 Rc2 49. Rxb1 Rxc5 50. Kd2 Ra5 51. Rb2 Kf7 52. Ke3 Kf6 53. Kf4
Ra3 54. Rd2 Ra8 55. Kxg4 Ke5 56. Kg5 Ra6 57. f4+ Kd4 58. e5 Ke3 59. Rb2 Kxd3 60.
f5 Ke4 61. e6 Ra5 62. g4 Ra7 63. e7 Rxe7 64. Re2+ Kd3 65. Rxe7 g6 66. fxg6 Kc2
67. g7 Kb1 68. g8=Q Kb2 69. Re3 Ka1 70. Re2 Kb1 71. Qa2+ Kc1 72. Qc2# 1-0

[Event "Julius Baer Rapid Div 3 L"]
[Site "chess.com INT"]
[Date "2023.08.31"]
[Round "2.3"]
[White "Makarian, Rudik"]
[Black "Sargsyan, Shant"]
[Result "1-0"]
[WhiteTitle "IM"]
[BlackTitle "GM"]
[WhiteElo "2548"]
[BlackElo "2631"]
[WhiteFideId "44105681"]
[BlackFideId "13306766"]
[EventDate "2023.08.30"]
[EventType "k.o."]

1. e4 e5 2. Nf3 Nc6 3. Bc4 Nf6 4. d3 Bc5 5. c3 h6 6. O-O d6 7. b4 Bb6 8. a4 a5
9. b5 Ne7 10. Nbd2 O-O 11. d4 Ng6 12. h3 Re8 13. Qb3 Be6 14. Bxe6 Rxe6 15. Re1
Re8 16. Bb2 Nf4 17. c4 exd4 18. Nxd4 Bxd4 19. Bxd4 Nd7 20. Rad1 Qg5 21. Qf3 Ne5
22. Bxe5 dxe5 23. Nb3 b6 24. c5 Rad8 25. g3 Ne6 26. Qc3 Rxd1 27. Rxd1 Rd8 28.
Rd5 Rxd5 29. exd5 Nf4 30. Qf3 Nxh3+ 31. Kg2 Nf4+ 32. Kf1 Ng6 33. d6 Qd8 34. Qc6
cxd6 35. cxb6 Kf8 36. b7 Ne7 37. Qa6 1-0

[Event "Julius Baer Rapid Div 3 L"]
[Site "chess.com INT"]
[Date "2023.08.31"]
[Round "3.1"]
[White "Lupulescu, Constantin"]
[Black "Bortnyk, Olexandr"]
[Result "1-0"]
[WhiteTitle "GM"]
[BlackTitle "GM"]
[WhiteElo "2581"]
[BlackElo "2608"]
[WhiteFideId "1207822"]
[BlackFideId "14120828"]
[EventDate "2023.08.30"]
[EventType "k.o."]

1. d4 Nf6 2. c4 d6 3. Nc3 g6 4. e4 Bg7 5. Be2 O-O 6. Be3 e5 7. d5 c5 8. g4 Qa5
9. Bd2 a6 10. g5 Ne8 11. h4 f5 12. gxf6 Nxf6 13. h5 gxh5 14. Nf3 Qc7 15. Ng5 Qe7
16. Bxh5 h6 17. Nh3 Nxh5 18. Qxh5 Qf7 19. Qe2 b5 20. O-O-O Qf3 21. Qxf3 Rxf3 22.
Ng1 Rxf2 23. Bxh6 Bg4 24. Bxg7 Kxg7 25. Nh3 Rg2 26. Rdg1 Bxh3 27. Rxg2+ Bxg2 28.
Rg1 bxc4 29. Rxg2+ Kf7 30. Rf2+ Kg7 31. Nd1 Nd7 32. Ne3 Rh8 33. Nf5+ Kf6 34.
Nxd6+ Ke7 35. Nf5+ Kd8 36. Kc2 Rh1 37. Nd6 Re1 38. Kd2 Ra1 39. a3 Nb6 40. Rf7
Rb1 41. Kc2 Re1 42. Ra7 Re2+ 43. Kc1 c3 44. bxc3 Na4 45. Nf7+ Kc8 46. d6 Nb6 47.
Rc7+ Kb8 48. d7 Nxd7 49. Rxd7 Rxe4 50. Rd5 Re1+ 51. Kd2 Ra1 52. Nxe5 Rxa3 53.
Rxc5 Kb7 54. Kc2 Ra2+ 55. Kb3 Ra1 56. Nc4 Rb1+ 57. Kc2 Rh1 58. Rg5 Kc6 59. Na5+
Kb6 60. Nb3 Rh3 61. Nd4 Rh1 62. Kb3 Rh8 63. Kb4 Rh6 64. Re5 Rh4 65. Re6+ Kb7 66.
Rf6 Re4 67. Kc4 Re5 68. Kd3 Rh5 69. c4 a5 70. Rf5 Rh3+ 71. Ke4 a4 72. Rb5+ Ka6
73. Rb8 a3 74. Nb5 a2 75. Ra8+ Kb6 76. Rxa2 Kc5 77. Na3 Rg3 78. Ra1 Rh3 79. Ke5
Re3+ 80. Kf4 Rh3 81. Ke4 Rg3 82. Ra2 Rh3 83. Ke5 Re3+ 84. Kf6 Rh3 85. Ke7 Rh7+
86. Kd8 Ra7 87. Kc8 Ra8+ 88. Kb7 Ra4 89. Ra1 Ra5 90. Kc7 Ra7+ 91. Kd8 Rh7 92.
Rc1 Rh3 93. Ra1 Rh8+ 94. Kc7 Ra8 95. Kb7 Ra4 96. Kc7 Ra8 97. Kb7 Ra4 98. Ra2 Ra5
99. Kc8 Ra7 100. Kd8 Ra8+ 101. Kd7 Ra6 102. Ke7 Ra7+ 103. Ke6 Ra8 104. Ke5 Re8+
105. Kf4 Rh8 106. Rg2 Rh3 107. Rg3 Rh8 108. Rb3 Rh4+ 109. Ke5 Rh5+ 110. Ke6 Rh6+
111. Kd7 Rh7+ 112. Kc8 Ra7 113. Kb8 Rh7 114. Rb5+ Kd4 115. Rd5+ Kc3 116. c5 Kb4
117. c6 1-0

[Event "Julius Baer Rapid Div 3 L"]
[Site "chess.com INT"]
[Date "2023.08.31"]
[Round "3.1"]
[White "Santos Latasa, Jaime"]
[Black "Kuzubov, Yuriy"]
[Result "1-0"]
[WhiteTitle "GM"]
[BlackTitle "GM"]
[WhiteElo "2647"]
[BlackElo "2625"]
[WhiteFideId "2293307"]
[BlackFideId "14112906"]
[EventDate "2023.08.30"]
[EventType "k.o."]

1. e4 e5 2. Nf3 Nf6 3. Nc3 Nc6 4. h3 Bb4 5. a3 Bxc3 6. dxc3 d6 7. Bd3 Nd7 8. Be3
Qe7 9. Nd2 Nc5 10. Bxc5 dxc5 11. Qe2 a6 12. a4 b6 13. Nc4 O-O 14. Ne3 Qg5 15. h4
Qg6 16. g3 Ne7 17. O-O Bb7 18. Kh2 Rfe8 19. f3 Nc8 20. Nd5 Qd6 21. Bc4 Bxd5 22.
Bxd5 c6 23. Bc4 a5 24. Rad1 Qe7 25. Qd2 Ra7 26. f4 Rf8 27. f5 Kh8 28. Rf3 b5 29.
axb5 Nb6 30. Be2 Rd7 31. Rd3 Rfd8 32. bxc6 Rxd3 33. cxd3 Qd6 34. Qe3 a4 35. Kh3
Kg8 36. c7 Qxc7 37. d4 cxd4 38. cxd4 exd4 39. Rxd4 Rxd4 40. Qxd4 Nd7 41. Qxa4 h6
42. Qc4 Qb8 43. b4 Ne5 44. Qd5 Kh7 45. Qb5 Qd6 46. Qc5 Qf6 47. b5 g6 48. Qf2 g5
49. Qd4 g4+ 50. Kg2 Qe7 51. b6 f6 52. Qc3 Nf7 53. Bxg4 Qxe4+ 54. Bf3 Qe7 55. Qc7 1-0

[Event "Julius Baer Rapid Div 3 L"]
[Site "chess.com INT"]
[Date "2023.08.31"]
[Round "3.1"]
[White "Theodorou, Nikolas"]
[Black "Makarian, Rudik"]
[Result "1/2-1/2"]
[WhiteTitle "GM"]
[BlackTitle "IM"]
[WhiteElo "2604"]
[BlackElo "2548"]
[WhiteFideId "4262875"]
[BlackFideId "44105681"]
[EventDate "2023.08.30"]
[EventType "k.o."]

1. Nf3 Nf6 2. g3 b5 3. Bg2 Bb7 4. O-O e6 5. d3 Be7 6. e4 d5 7. exd5 Nxd5 8. c4
Nb4 9. Nc3 a6 10. Ne5 Bxg2 11. Kxg2 Nd7 12. Nf3 Qb8 13. a3 Nc6 14. d4 bxc4 15.
d5 Nce5 16. Nxe5 Nxe5 17. Qa4+ Kf8 18. f4 Nd3 19. Qxc4 Nxc1 20. Raxc1 Qb7 21.
Kh3 Rd8 22. dxe6 Rd2 23. Ne4 Rxb2 24. Qxc7 g6 25. Qxb7 Rxb7 26. f5 f6 27. Rc6
Kg7 28. Rxa6 Rd8 29. a4 Rd5 30. Nc3 Rc5 31. Nb5 gxf5 32. Nd4 Kg6 33. Ra8 h5 34.
a5 Rb4 35. a6 Rxd4 36. Rg8+ Kh7 37. a7 Ra4 38. a8=Q Rxa8 39. Rxa8 Re5 40. Ra6
Kg6 41. Rd1 Re2 42. Rc6 h4 43. Rd7 Bb4 44. Rcc7 f4 45. gxf4 Rxe6 46. Kg4 f5+ 47.
Kf3 Bf8 48. Rd5 Ra6 49. Rd3 Bh6 50. Rcd7 Ra4 51. R7d6+ Kh5 52. R6d4 Ra2 53. Rd2
Ra3+ 54. R2d3 Ra2 55. Rd5 Rxh2 56. Rxf5+ Kg6 57. Rdd5 Rh1 58. Kg2 Rd1 59. Rxd1
Kxf5 60. Kf3 Bxf4 61. Rd5+ Be5 62. Rd1 Bg3 63. Rh1 Ke5 1/2-1/2

[Event "Julius Baer Rapid Div 3 L"]
[Site "chess.com INT"]
[Date "2023.08.31"]
[Round "3.1"]
[White "Andreikin, Dmitry"]
[Black "Kramnik, Vladimir"]
[Result "1-0"]
[WhiteTitle "GM"]
[BlackTitle "GM"]
[WhiteElo "2729"]
[BlackElo "2753"]
[WhiteFideId "4158814"]
[BlackFideId "4101588"]
[EventDate "2023.08.30"]
[EventType "k.o."]

1. d4 d5 2. c4 e6 3. Nf3 Nf6 4. g3 Be7 5. Bg2 O-O 6. O-O dxc4 7. Qc2 a6 8. a4 b6
9. Bg5 Bb7 10. Nbd2 b5 11. b3 cxb3 12. Qxb3 b4 13. Bxf6 gxf6 14. Rfd1 c5 15.
dxc5 Nd7 16. Qxb4 Nxc5 17. Ne4 Bxe4 18. Rxd8 Rfxd8 19. Nd4 Rab8 20. Qc4 e5 21.
Nc6 Bxc6 22. Qg4+ Kf8 23. Bxc6 Nb3 24. Rb1 f5 25. Qh5 Bf6 26. Qxh7 Ke7 27. e3
Nd2 28. Rxb8 Rxb8 29. Qxf5 Rd8 30. Qc2 Rd6 31. Kg2 Kf8 32. h4 Kg7 33. a5 Bd8 34.
Qc5 Rf6 35. Qd5 Bc7 36. Qxd2 Rxc6 37. Qd5 Rf6 38. g4 Re6 39. g5 e4 40. Kh3 Re5
41. Qc6 Bxa5 42. Qf6+ 1-0

[Event "Julius Baer Rapid Div 3 L"]
[Site "chess.com INT"]
[Date "2023.08.31"]
[Round "3.2"]
[White "Bortnyk, Olexandr"]
[Black "Lupulescu, Constantin"]
[Result "1-0"]
[WhiteTitle "GM"]
[BlackTitle "GM"]
[WhiteElo "2608"]
[BlackElo "2581"]
[WhiteFideId "14120828"]
[BlackFideId "1207822"]
[EventDate "2023.08.30"]
[EventType "k.o."]

1. e4 c5 2. c3 Nf6 3. e5 Nd5 4. Bc4 e6 5. Nf3 d6 6. O-O Nb6 7. Bb3 Nc6 8. d4
cxd4 9. cxd4 dxe5 10. dxe5 Qxd1 11. Rxd1 Na5 12. Nc3 Bd7 13. Be3 Nbc4 14. Bd4
Bc6 15. Bxc4 Nxc4 16. b3 Na3 17. Rac1 Bb4 18. Be3 O-O 19. Nd4 Rfc8 20. Nxc6 Rxc6
21. Ne4 Nc2 22. Rd7 b6 23. g4 h6 24. Bf4 a5 25. a4 Rac8 26. Rcd1 R6c7 27. g5
hxg5 28. Nxg5 Be7 29. Ne4 Kf8 30. Bg5 Bxg5 31. Nxg5 Ke8 32. R7d6 Rc5 33. Rd7
R5c7 34. Rxc7 Rxc7 35. Rd6 Nb4 36. Rxb6 Nd3 37. Rb5 Rc2 38. Rxa5 Rxf2 39. Ra8+
Ke7 40. Ra7+ Kf8 41. a5 Rf5 42. Rxf7+ Rxf7 43. Nxf7 1-0

[Event "Julius Baer Rapid Div 3 L"]
[Site "chess.com INT"]
[Date "2023.08.31"]
[Round "3.2"]
[White "Kuzubov, Yuriy"]
[Black "Santos Latasa, Jaime"]
[Result "1-0"]
[WhiteTitle "GM"]
[BlackTitle "GM"]
[WhiteElo "2625"]
[BlackElo "2647"]
[WhiteFideId "14112906"]
[BlackFideId "2293307"]
[EventDate "2023.08.30"]
[EventType "k.o."]

1. d4 Nf6 2. c4 e6 3. Nf3 d5 4. Nc3 c5 5. cxd5 cxd4 6. Qxd4 exd5 7. Bg5 Be7 8.
e3 O-O 9. Bb5 h6 10. Bh4 Nc6 11. Qa4 Qb6 12. Bxf6 Bxf6 13. Nxd5 Qd8 14. O-O-O
Be6 15. Nf4 Qc8 16. Nxe6 Qxe6 17. Kb1 Ne5 18. Nd4 Qb6 19. Qb3 Rac8 20. Be2 Qc7
21. Nb5 Qb8 22. Nd6 Rc6 23. Ne4 Be7 24. Rd5 Rb6 25. Rb5 Rxb5 26. Qxb5 Rd8 27.
Rd1 Rxd1+ 28. Bxd1 a6 29. Qd5 Qc7 30. Bb3 Bf8 31. h3 Nc6 32. a3 b5 33. g4 Na5
34. Ba2 Nc6 35. g5 hxg5 36. Nxg5 Nd8 37. Qf5 Bd6 38. Qh7+ Kf8 39. Qh8+ Ke7 40.
Qh4 f6 41. Qe4+ Kd7 42. Be6+ Ke7 43. Bf5+ Kf8 44. Nh7+ 1-0

[Event "Julius Baer Rapid Div 3 L"]
[Site "chess.com INT"]
[Date "2023.08.31"]
[Round "3.2"]
[White "Makarian, Rudik"]
[Black "Theodorou, Nikolas"]
[Result "1/2-1/2"]
[WhiteTitle "IM"]
[BlackTitle "GM"]
[WhiteElo "2548"]
[BlackElo "2604"]
[WhiteFideId "44105681"]
[BlackFideId "4262875"]
[EventDate "2023.08.30"]
[EventType "k.o."]

1. d4 Nf6 2. c4 g6 3. Nc3 Bg7 4. e4 d6 5. Be2 O-O 6. Be3 a5 7. Nf3 Ng4 8. Bg5 h6
9. Bh4 Nf6 10. h3 Na6 11. O-O Nh5 12. Ne1 Nf4 13. Bf3 c6 14. Qd2 Ne6 15. Ne2 c5
16. d5 Ng5 17. Bxg5 hxg5 18. Qxg5 Bxb2 19. Rb1 Bf6 20. Qd2 e6 21. Ng3 Nc7 22.
Bg4 Bg7 23. dxe6 Nxe6 24. Nf3 Re8 25. h4 Nd4 26. Bxc8 Rxc8 27. Rxb7 Nxf3+ 28.
gxf3 Qxh4 29. Kg2 Qf6 30. Rfb1 Qe6 31. Qc2 Be5 32. Ra7 Rb8 33. Rxb8 Rxb8 34. Qc1
Qf6 35. Qh6 Bf4 36. Nh5 Qg5+ 37. Qxg5 Bxg5 38. f4 Bh4 39. Ng3 Rb4 40. Rxa5 Rxc4
41. Ra6 Rd4 42. a4 Bxg3 43. fxg3 Rxe4 44. Rxd6 Rxa4 45. Rc6 Rc4 46. Kf3 Kg7 47.
g4 Rc1 48. g5 c4 49. Rc8 c3 50. Kg2 c2 51. Kh2 f5 52. gxf6+ Kxf6 53. Kg2 Kf5 54.
Rf8+ Kg4 55. Rc8 Kf5 56. Rf8+ Ke4 57. Re8+ Kd3 58. Rd8+ Kc3 59. Rc8+ Kd4 60.
Rd8+ Ke3 61. Re8+ Kxf4 62. Rf8+ Ke5 63. Re8+ Kd6 64. Rc8 Kd7 65. Rc3 Ke7 66. Rc4
Kf7 67. Rc7+ Kf6 68. Rc6+ Kg5 69. Rc5+ Kh6 70. Rc6 Kh5 71. Rc5+ g5 72. Rc8 Kg4
73. Rc4+ Kf5 74. Rc5+ Ke6 75. Rc8 Kd5 76. Rd8+ Ke4 77. Re8+ Kf4 78. Rf8+ Kg4 79.
Rc8 Kh5 80. Rh8+ Kg6 81. Rc8 Kf7 82. Rc7+ Ke8 83. Rc8+ Kd7 84. Rc4 Kd6 85. Rc3
Ke5 86. Rc8 Kf5 87. Rc5+ Ke4 88. Rc8 Ke3 89. Re8+ Kd2 90. Rd8+ Kc3 91. Rc8+ Kb3
92. Rb8+ Ka4 93. Ra8+ Kb5 94. Rb8+ Ka6 95. Rc8 Kb7 96. Rc3 Kb6 97. Rc8 Kb5 98.
Rb8+ Kc6 99. Rc8+ Kb6 100. Rc3 g4 101. Rc4 Kb5 102. Rc8 Kb4 103. Rb8+ Kc5 104.
Rc8+ Kd6 105. Rc3 Ke6 106. Rc8 Kf6 107. Rc6+ Ke7 108. Rc8 Kd6 109. Rc3 Kd5 110.
Rc8 Ke4 111. Re8+ Kd3 112. Rd8+ Ke3 113. Re8+ Kf4 114. Rf8+ Kg5 115. Rc8 Kf6
116. Rc6+ Ke7 117. Rc7+ Kd8 118. Rc3 g3 119. Rc4 Kd7 120. Rc3 Kd6 121. Rc8 Kd5
122. Rd8+ Kc6 123. Rc8+ Kb7 124. Rc3 Kb6 125. Rc8 Kb5 126. Rb8+ Ka4 127. Ra8+
Kb3 128. Rb8+ Ka3 129. Ra8+ Kb2 130. Rb8+ Kc3 131. Rc8+ Kd2 132. Rd8+ Ke3 133.
Re8+ Kf4 134. Rf8+ Kg5 135. Rg8+ Kh6 136. Rc8 Kg7 137. Rc7+ Kg8 138. Rc8+ Kf7
139. Rc7+ Kf8 140. Rc8+ Ke7 141. Rc3 Kd8 142. Rc4 Kd7 143. Rc3 Kd6 144. Rc8 Ke6
145. Rc3 Kf6 146. Rc8 Kg6 147. Rc6+ Kh5 148. Rc8 Kg4 149. Rc4+ Kf5 150. Rc8 Ke6
151. Rc3 Kd7 152. Rc4 Ra1 153. Rxc2 Ra3 154. Rc4 Ke6 155. Rg4 Kf5 156. Rxg3 Ra2+
157. Kf3 Ra3+ 158. Kf2 Ra2+ 159. Ke1 Ra1+ 160. Kd2 Ra2+ 161. Ke1 Ra1+ 162. Kd2
Kf4 163. Rb3 Ra2+ 164. Kd1 Ra1+ 165. Kd2 Ra2+ 166. Kd1 Ra1+ 167. Kd2 1/2-1/2